Vývoj základných kovov v apríli na Londýnskej burze kovov Príloha Hospodárskych novín

Prehľad o vývoji cien najdôležitejších kovov (meď, olovo, hliník, zinok, cín, nikel) na Londýnskej burze kovov. Situácia u najvýznamnejších výrobcov a v ťažobných závodoch.

Guardado en:
Detalles Bibliográficos
Autor principal: Zoller, Alexander
Formato: Capítulo de libro
Lenguaje:eslovaco
Materias:
Etiquetas: Agregar Etiqueta
Sin Etiquetas, Sea el primero en etiquetar este registro!

MARC

LEADER 00000naa a2200000 4500
001 r022700
005 20230801104525.3
041 0 |a slo 
044 |a SK 
245 1 0 |a Vývoj základných kovov v apríli na Londýnskej burze kovov  |b Príloha Hospodárskych novín  |c A. Zoller 
520 |a Prehľad o vývoji cien najdôležitejších kovov (meď, olovo, hliník, zinok, cín, nikel) na Londýnskej burze kovov. Situácia u najvýznamnejších výrobcov a v ťažobných závodoch. 
610 2 0 |a Veľká Británia 
610 2 0 |a apríl 
610 2 0 |a 1996 
610 2 0 |a Londýnska burza kovov 
610 2 0 |a kovy farebné 
610 2 0 |a meď 
610 2 0 |a hliník 
610 2 0 |a ceny burzové 
610 2 0 |a nikel 
610 2 0 |a olovo 
610 2 0 |a zinok 
100 1 |a Zoller, Alexander